000 00776nam a22002537a 4500
001 BR6004173
003 BR-BrBNA
005 20230928083203.0
007 ta
008 230509b bl.||||| |||| 00| 0 por d
040 _aBR-BrBNA
_bpor
_cBiblioteca Nacional de Agricultura
041 _a(Por)
072 _aL00
_b9410
090 _ 9410 BR6004173
110 1 _aCompanhia Industrial e Comercial Brasileira de Produtos Alimentares, Sao Paulo, SP
_92449
245 1 _a1. Pesquisa pro amostragem das condicoes existentes nas propriedades rurais que nos fornecem leite
260 3 _aSao Paulo, SP (Brasil):
_c[nd].
300 _a85 p.
500 _aNumerical data
650 _aProducao animal
650 _aLeite
909 _a202309
_bLucia
_c55
_dLucia Elande
942 _cBK
999 _c12044
_d12044